Foreign trade of Japan 1963

में बचाया:
ग्रंथसूची विवरण
स्वरूप: पुस्तक
भाषा:Undetermined
प्रकाशित: Tokyo Japan External Trade Organization 1963
विषय:
टैग : टैग जोड़ें
कोई टैग नहीं, इस रिकॉर्ड को टैग करने वाले पहले व्यक्ति बनें!
Thư viện lưu trữ: Trung tâm Học liệu Trường Đại học Cần Thơ
LEADER 00488nam a2200181Ia 4500
001 CTU_105477
008 210402s9999 xx 000 0 und d
082 |a 382.0952 
082 |b F715/1963 
245 0 |a Foreign trade of Japan 1963 
260 |a Tokyo 
260 |b Japan External Trade Organization 
260 |c 1963 
650 |a Balance of payments,Japan 
650 |x Commerce 
650 |z Japan 
904 |i Tuyến 
980 |a Trung tâm Học liệu Trường Đại học Cần Thơ